[Event "DSOL 04 Liga Gr-D 1st"]
[Site "Playchess.com INT"]
[Date "2020.08.14"]
[Round "2.1"]
[White "Korth, Manfred"]
[Black "Farokhi, Keyvan"]
[Result "0-1"]
[WhiteElo "1838"]
[BlackElo "1970"]
[PlyCount "54"]
[EventDate "2020.06.22"]
[EventType "team-tourn (rapid)"]
[EventCountry "GER"]
[SourceTitle "EXT 2021"]
[Source "ChessBase"]
[SourceDate "2020.10.23"]
[SourceVersion "1"]
[SourceVersionDate "2020.10.23"]
[SourceQuality "1"]
[WhiteTeam "Heideck/Hilpoltstein"]
[BlackTeam "Kiel Doppelbauer"]
[WhiteTeamCountry "GER"]
[BlackTeamCountry "GER"]

1. e4 c6 2. d3 d5 3. Nd2 e5 4. Ngf3 Bd6 5. Be2 Nf6 6. 0-0 0-0 7. c3 Re8 8. Qc2 Nbd7 9. Re1 Nf8 10. Nf1 Ng6 11. Bg5 h6 12. Bd2 Be6 13. Ng3 Qd7 14. d4 Nxe4 15. Nxe4 dxe4 16. Nxe5 Bxe5 17. dxe5 Bf5 18. Be3 Nxe5 19. Rad1 Qe6 20. b3 Nf3+ 21. Bxf3 exf3 22. Qc1 Qg6 23. g3 Qg4 24. Kh1 Qh3 25. Rg1 Re5 26. Rd4 Bg4 27. Qf1 Qxh2+ 0-1

[Event "Mittelfranken-chTB2b 1516"]
[Site "Mittelfranken"]
[Date "2016.02.28"]
[Round "7.4"]
[White "Korth, Manfred"]
[Black "Heinkelmann, Josef"]
[Result "1/2-1/2"]
[WhiteElo "1808"]
[BlackElo "1856"]
[PlyCount "72"]
[EventDate "2015.10.18"]
[EventType "team-tourn"]
[EventRounds "9"]
[EventCountry "GER"]
[SourceTitle "EXT 2020"]
[Source "ChessBase"]
[SourceDate "2019.10.17"]
[SourceVersion "1"]
[SourceVersionDate "2019.10.17"]
[SourceQuality "1"]
[WhiteTeam "Heideck/Hilpoltstein"]
[BlackTeam "Forchheim III"]
[WhiteTeamCountry "GER"]
[BlackTeamCountry "GER"]

1. Nf3 g6 2. d4 Bg7 3. Bf4 d6 4. e3 Nd7 5. c3 e5 6. dxe5 dxe5 7. Bg3 Qe7 8. Bc4 Nh6 9. e4 0-0 10. Nbd2 Nb6 11. Be2 f6 12. Qc2 Be6 13. 0-0 Rad8 14. Rfd1 Rd7 15. b3 Rfd8 16. Nf1 Nf7 17. Ne1 Bh6 18. f3 Qa3 19. Rxd7 Rxd7 20. Nd3 a5 21. Bf2 Bf8 22. Nd2 Rd8 23. Kf1 Qd6 24. Rd1 Qc6 25. a4 Nc8 26. Nb2 Ncd6 27. Ndc4 b6 28. Nxd6 Nxd6 29. Bc4 Qe8 30. Bxe6+ Qxe6 31. Nc4 Be7 32. Ne3 Nb7 33. Nd5 Bd6 34. Bh4 Rf8 35. c4 Kg7 36. Bf2 Rf7 1/2-1/2

[Event "Mittelfranken-chTB2b 1516"]
[Site "Mittelfranken"]
[Date "2016.01.24"]
[Round "5.4"]
[White "Korth, Manfred"]
[Black "Meyer, Juergen"]
[Result "1/2-1/2"]
[WhiteElo "1808"]
[BlackElo "1735"]
[PlyCount "55"]
[EventDate "2015.10.18"]
[EventType "team-tourn"]
[EventRounds "9"]
[EventCountry "GER"]
[SourceTitle "EXT 2020"]
[Source "ChessBase"]
[SourceDate "2019.10.17"]
[SourceVersion "1"]
[SourceVersionDate "2019.10.17"]
[SourceQuality "1"]
[WhiteTeam "Heideck/Hilpoltstein"]
[BlackTeam "Uttenreuth"]
[WhiteTeamCountry "GER"]
[BlackTeamCountry "GER"]

1. Nf3 d5 2. c4 e6 3. b3 Nf6 4. Bb2 Bd6 5. g3 0-0 6. Bg2 Nbd7 7. cxd5 exd5 8. 0-0 c6 9. d3 Re8 10. Nbd2 Ne5 11. Re1 Bg4 12. h3 Bh5 13. Qc2 Nxf3+ 14. Nxf3 Bxf3 15. Bxf3 Be5 16. b4 Qb6 17. Bxe5 Rxe5 18. Rab1 a6 19. a4 d4 20. Rb3 Nd5 21. Qc5 Qxc5 22. bxc5 Nc3 23. Rxb7 Rxc5 24. Rc7 Re8 25. Kf1 g6 26. Rxc6 Rxc6 27. Bxc6 Re6 28. Bf3 1/2-1/2

[Event "Prague Holiday K11"]
[Site "Prague"]
[Date "2015.07.21"]
[Round "5"]
[White "Korth, Manfred"]
[Black "Pokorny, Jan1111"]
[Result "1-0"]
[WhiteElo "1888"]
[BlackElo "1839"]
[PlyCount "109"]
[EventDate "2015.07.19"]
[EventType "tourn"]
[EventRounds "9"]
[EventCountry "CZE"]
[SourceTitle "EXT 2017"]
[Source "ChessBase"]
[SourceDate "2016.10.25"]
[SourceVersion "1"]
[SourceVersionDate "2016.10.25"]
[SourceQuality "1"]

1. Nf3 Nf6 2. d4 g6 3. Bf4 Bg7 4. e3 0-0 5. Be2 d6 6. h3 Nbd7 7. 0-0 c5 8. c3 a6 9. a4 b6 10. Nbd2 Bb7 11. Qb3 h6 12. Bh2 Re8 13. Bd3 d5 14. Qd1 c4 15. Bc2 Bc6 16. Ne5 Bb7 17. f4 Rf8 18. Qf3 e6 19. Ndxc4 Ne4 20. Bxe4 dxe4 21. Qf2 Nf6 22. Qc2 b5 23. axb5 axb5 24. Nd2 Qd5 25. Qb3 Rfd8 26. Rxa8 Rxa8 27. Bg3 Bf8 28. Bh4 Bg7 29. Rc1 Qxb3 30. Nxb3 Ra2 31. Rc2 Nd5 32. Kf2 Nb6 33. Nc1 Ra1 34. b3 Nd5 35. Nd7 Bc8 36. Nc5 f5 37. Ke2 Kf7 38. Kd2 Bf8 39. Ra2 Rxa2+ 40. Nxa2 Be7 41. Bxe7 Kxe7 42. Nc1 g5 43. g3 Kf6 44. Ne2 Ke7 45. Nc1 Bd7 46. Nxd7 Kxd7 47. c4 bxc4 48. bxc4 Nf6 49. Kc3 Kc6 50. Kb4 Nh5 51. Ne2 Ng7 52. g4 h5 53. gxh5 Nxh5 54. fxg5 Kd6 55. c5+ 1-0

[Event "Prague Holiday K11"]
[Site "Prague"]
[Date "2015.07.20"]
[Round "3"]
[White "Korth, Manfred"]
[Black "Ruell, Michael"]
[Result "1-0"]
[WhiteElo "1888"]
[BlackElo "1740"]
[PlyCount "41"]
[EventDate "2015.07.19"]
[EventType "tourn"]
[EventRounds "9"]
[EventCountry "CZE"]
[SourceTitle "EXT 2017"]
[Source "ChessBase"]
[SourceDate "2016.10.25"]
[SourceVersion "1"]
[SourceVersionDate "2016.10.25"]
[SourceQuality "1"]

1. Nf3 Nf6 2. d4 g6 3. Bf4 Bg7 4. e3 d6 5. Be2 Nbd7 6. h3 0-0 7. 0-0 Re8 8. c4 Ne4 9. Nc3 e5 10. Bh2 Ndf6 11. Nxe4 Nxe4 12. dxe5 dxe5 13. Qxd8 Rxd8 14. Bxe5 Bxe5 15. Nxe5 Be6 16. Rfd1 Rd2 17. Rxd2 Nxd2 18. b3 Rd8 19. f3 f6 20. Nd3 Bf5 21. e4 1-0

[Event "Bayern-ch Seniors op 27th"]
[Site "Bergen"]
[Date "2015.06.15"]
[Round "3"]
[White "Korth, Manfred"]
[Black "Lueders, Guenter"]
[Result "1/2-1/2"]
[WhiteElo "1833"]
[BlackElo "1603"]
[PlyCount "108"]
[EventDate "2015.06.15"]
[EventType "swiss"]
[EventRounds "9"]
[EventCountry "GER"]
[SourceTitle "EXT 2019"]
[Source "ChessBase"]
[SourceDate "2018.10.10"]
[SourceVersion "1"]
[SourceVersionDate "2018.10.10"]
[SourceQuality "1"]

1. Nf3 Nf6 2. d4 d5 3. Bf4 e6 4. e3 Bd6 5. Bg3 Bxg3 6. hxg3 Nbd7 7. Bd3 h6 8. Nbd2 Nb6 9. c4 dxc4 10. Nxc4 Nxc4 11. Bxc4 Qe7 12. 0-0 0-0 13. Qc2 c5 14. Rac1 cxd4 15. Nxd4 Bd7 16. Rfd1 Rac8 17. Qb3 Rc7 18. Nb5 Bxb5 19. Bxb5 Rfc8 20. Rxc7 Rxc7 21. Rd4 a6 22. Be2 Nd5 23. Bf3 Nf6 24. Qd3 g6 25. Qb3 b5 26. a4 bxa4 27. Rxa4 Ra7 28. Qb6 Qc7 29. Qxc7 Rxc7 30. Rxa6 Rc1+ 31. Kh2 Rc2 32. b4 Rxf2 33. b5 Rb2 34. b6 Nd5 35. Bxd5 exd5 36. Kg1 Kf8 37. Kf1 Ke7 38. Ra7+ Kd6 39. b7 Kc7 40. b8Q+ Kxb8 41. Rxf7 Rb6 42. Rd7 Rf6+ 43. Ke2 Rf5 44. g4 Re5 45. Kf3 h5 46. gxh5 gxh5 47. Rh7 Rg5 48. Rf7 Kc8 49. g3 Kd8 50. Ra7 Rf5+ 51. Kg2 Ke8 52. Ra5 Re5 53. e4 Rxe4 54. Rxd5 h4 1/2-1/2

[Event "Pyramiden Franken Cup"]
[Site "Fuerth"]
[Date "2014.09.07"]
[Round "7"]
[White "Kuespert, Helmut"]
[Black "Korth, Manfred"]
[Result "1-0"]
[WhiteElo "1925"]
[BlackElo "1908"]
[PlyCount "49"]
[EventDate "2014.09.04"]
[EventType "swiss"]
[EventRounds "7"]
[EventCountry "GER"]
[SourceTitle "CBM 162 Extra"]
[Source "ChessBase"]
[SourceDate "2014.10.17"]
[SourceVersion "1"]
[SourceVersionDate "2014.10.17"]
[SourceQuality "1"]

1. e4 d6 2. d4 Nf6 3. Nc3 c6 4. f3 Nbd7 5. Be3 e5 6. Qd2 Be7 7. Be2 b5 8. d5 a6 9. dxc6 Nb8 10. Nd5 Nxc6 11. Bb6 Qd7 12. Nc7+ Kf8 13. Nxa8 Qb7 14. Be3 Qxa8 15. Nh3 Be6 16. Nf2 Nd7 17. 0-0 h5 18. c3 Rg8 19. b4 f5 20. exf5 Bxf5 21. a4 Qb8 22. axb5 axb5 23. Ra6 Qb7 24. Rfa1 Kf7 25. Qd5+ 1-0

[Event "Pyramiden Franken Cup"]
[Site "Fuerth"]
[Date "2014.09.05"]
[Round "2"]
[White "Korth, Manfred"]
[Black "Seibold, Hubert"]
[Result "0-1"]
[WhiteElo "1908"]
[BlackElo "2164"]
[PlyCount "54"]
[EventDate "2014.09.04"]
[EventType "swiss"]
[EventRounds "7"]
[EventCountry "GER"]
[SourceTitle "CBM 162 Extra"]
[Source "ChessBase"]
[SourceDate "2014.10.17"]
[SourceVersion "1"]
[SourceVersionDate "2014.10.17"]
[SourceQuality "1"]

1. Nf3 Nf6 2. d4 g6 3. Bf4 Bg7 4. e3 d6 5. h3 0-0 6. Be2 Nbd7 7. 0-0 Re8 8. c4 Ne4 9. Nc3 Nxc3 10. bxc3 c6 11. a4 Qa5 12. Qb3 Nf6 13. Nd2 Qf5 14. a5 g5 15. g4 Qg6 16. Bg3 e5 17. Qb1 e4 18. Bxd6 Nxg4 19. hxg4 Qxd6 20. Nxe4 Qh6 21. Ng3 Qh3 22. Nf5 h5 23. Nxg7 Kxg7 24. gxh5 Bf5 25. Qd1 Re4 26. Bf3 Rh4 27. Re1 Bd3 0-1

[Event "Prague Holiday K11"]
[Site "Prague"]
[Date "2014.07.23"]
[Round "6"]
[White "Pokorny, Jan1111"]
[Black "Korth, Manfred"]
[Result "1-0"]
[WhiteElo "1882"]
[BlackElo "1908"]
[PlyCount "37"]
[EventDate "2014.07.20"]
[EventType "tourn"]
[EventRounds "9"]
[EventCountry "CZE"]
[SourceTitle "EXT 2023"]
[Source "ChessBase"]
[SourceDate "2022.10.05"]
[SourceVersion "1"]
[SourceVersionDate "2022.10.05"]
[SourceQuality "1"]

1. Nf3 d6 2. d4 Bg4 3. Bf4 Bxf3 4. gxf3 g6 5. e4 Bg7 6. c3 Nd7 7. h4 h5 8. Na3 c6 9. Bh3 e5 10. Bg5 Bf6 11. Qd2 exd4 12. Bxd7+ Qxd7 13. Bxf6 Nxf6 14. Qxd4 Ke7 15. 0-0-0 Rhd8 16. e5 Ne8 17. exd6+ Qxd6 18. Rhe1+ Kd7 19. Qb4 1-0

[Event "Prague Holiday K11"]
[Site "Prague"]
[Date "2014.07.21"]
[Round "3"]
[White "Korth, Manfred"]
[Black "Fiala, Jan1111"]
[Result "0-1"]
[WhiteElo "1908"]
[BlackElo "1952"]
[PlyCount "116"]
[EventDate "2014.07.20"]
[EventType "tourn"]
[EventRounds "9"]
[EventCountry "CZE"]
[SourceTitle "EXT 2023"]
[Source "ChessBase"]
[SourceDate "2022.10.05"]
[SourceVersion "1"]
[SourceVersionDate "2022.10.05"]
[SourceQuality "1"]

1. Nf3 f5 2. d4 Nf6 3. Bf4 g6 4. h3 Bg7 5. e3 0-0 6. Be2 d6 7. c4 Nbd7 8. Nc3 c6 9. 0-0 Qe8 10. Rc1 e5 11. dxe5 dxe5 12. Bh2 Qe7 13. Qa4 h6 14. b4 Qe6 15. Nd2 Kh8 16. c5 g5 17. Nc4 g4 18. hxg4 Nxg4 19. Bxg4 fxg4 20. Nd6 h5 21. Nce4 h4 22. Qc2 Qh6 23. Rcd1 Qg6 24. Qd3 h3 25. Ng3 Qxd3 26. Rxd3 Nf6 27. Nxc8 Raxc8 28. Nf5 e4 29. Rd6 Rcd8 30. Rfd1 Rxd6 31. Rxd6 Nd5 32. Nxg7 Kxg7 33. b5 Rf5 34. bxc6 bxc6 35. Rxc6 Nc3 36. Rc7+ Kg6 37. a3 Ne2+ 38. Kf1 g3 39. Bxg3 Nxg3+ 40. Kg1 Rxf2 41. gxh3 Rc2 42. c6 Nf5 43. Rxa7 Rxc6 44. Ra4 Nd6 45. Rd4 Kf5 46. Kf2 Ke5 47. Rd2 Rc3 48. Ra2 Rc5 49. a4 Ra5 50. h4 Kf5 51. h5 Kg5 52. Rd2 Nf5 53. Rb2 Rxa4 54. Rb5 Ra2+ 55. Kg1 Kg4 56. Re5 Ng3 57. Re8 Kh3 58. Rf8 Rg2# 0-1

[Event "Mittelfranken-chTB2b 1314"]
[Site "Mittelfranken"]
[Date "2014.05.04"]
[Round "9.4"]
[White "Suess, Helmut"]
[Black "Korth, Manfred"]
[Result "1/2-1/2"]
[WhiteElo "1798"]
[BlackElo "1808"]
[PlyCount "83"]
[EventDate "2013.10.20"]
[EventType "team-tourn"]
[EventRounds "9"]
[EventCountry "GER"]
[SourceTitle "EXT 2020"]
[Source "ChessBase"]
[SourceDate "2019.10.17"]
[SourceVersion "1"]
[SourceVersionDate "2019.10.17"]
[SourceQuality "1"]
[WhiteTeam "Nuernberg NT IV"]
[BlackTeam "Heideck/Hilpoltstein"]
[WhiteTeamCountry "GER"]
[BlackTeamCountry "GER"]

1. d4 d6 2. e4 Nf6 3. f3 Nbd7 4. c4 e5 5. d5 Be7 6. Be3 c6 7. Nc3 h6 8. Bd3 Nh7 9. Qd2 Bg5 10. Bxg5 Qxg5 11. 0-0-0 Qxd2+ 12. Rxd2 c5 13. Nge2 a6 14. Kb1 Rb8 15. a4 Nb6 16. a5 Na8 17. Kc2 b6 18. Ra1 Bd7 19. b3 Ke7 20. Nc1 Rhc8 21. Kd1 Nc7 22. Bc2 b5 23. Bd3 g5 24. g4 Nf8 25. N1e2 Ng6 26. Kc2 Rh8 27. Ng3 bxc4 28. Bxc4 Nb5 29. Bxb5 Bxb5 30. Nf5+ Kd7 31. Ne3 Nf4 32. Nxb5 axb5 33. Kc3 h5 34. gxh5 Rxh5 35. a6 Rh3 36. a7 Ra8 37. Rf2 Rh6 38. Nf5 Rf6 39. Rd2 Kc7 40. Ra6 Kd7 41. Ne3 Nh3 42. Nf5 1/2-1/2

[Event "Mittelfranken-ch HT 63rd"]
[Site "Nuremberg"]
[Date "2014.04.17"]
[Round "6"]
[White "Tong, Kevin"]
[Black "Korth, Manfred"]
[Result "1-0"]
[WhiteElo "1699"]
[BlackElo "1904"]
[PlyCount "101"]
[EventDate "2014.04.15"]
[EventType "swiss"]
[EventRounds "9"]
[EventCountry "GER"]
[SourceTitle "EXT 2022"]
[Source "ChessBase"]
[SourceDate "2021.10.06"]
[SourceVersion "1"]
[SourceVersionDate "2021.10.06"]
[SourceQuality "1"]

1. e4 d6 2. d4 Nf6 3. Nc3 c6 4. Be3 b5 5. f3 a6 6. Qd2 Nbd7 7. Nge2 e5 8. 0-0-0 Be7 9. g4 exd4 10. Nxd4 Nb8 11. h4 c5 12. Nf5 Bxf5 13. gxf5 Nc6 14. Be2 Qa5 15. Kb1 Ne5 16. Bf4 Ra7 17. Nd5 Qxd2 18. Rxd2 Nxd5 19. Rxd5 f6 20. h5 h6 21. Rg1 Kf7 22. c3 Rd8 23. Rgd1 Rad7 24. Kc2 Ke8 25. b3 Rb7 26. Bh2 a5 27. f4 Nc6 28. Bf3 Rb6 29. e5 dxe5 30. Rxd8+ Bxd8 31. Bxc6+ Rxc6 32. fxe5 fxe5 33. Bxe5 Bf6 34. Bxf6 Rxf6 35. Rd5 Rc6 36. Kd3 Ke7 37. Ke4 Kf6 38. Kf4 b4 39. c4 Kf7 40. Ke5 Ke7 41. Rd3 Rc8 42. Rg3 Kf7 43. Rg6 a4 44. Kd5 axb3 45. axb3 Ra8 46. Kxc5 Ra5+ 47. Kb6 Rxf5 48. c5 Rf3 49. c6 Rxb3 50. c7 Rc3 51. Rc6 1-0

[Event "Mittelfranken-ch HT 63rd"]
[Site "Nuremberg"]
[Date "2014.04.16"]
[Round "3"]
[White "Schloetterer, Hermann"]
[Black "Korth, Manfred"]
[Result "0-1"]
[WhiteElo "1944"]
[BlackElo "1904"]
[PlyCount "140"]
[EventDate "2014.04.15"]
[EventType "swiss"]
[EventRounds "9"]
[EventCountry "GER"]
[SourceTitle "EXT 2022"]
[Source "ChessBase"]
[SourceDate "2021.10.06"]
[SourceVersion "1"]
[SourceVersionDate "2021.10.06"]
[SourceQuality "1"]

1. d4 d5 2. g3 Bf5 3. Bg2 c6 4. c4 e6 5. Nc3 Nf6 6. Nf3 h6 7. 0-0 Be7 8. Nd2 0-0 9. h3 Nbd7 10. Qb3 Qb6 11. Qxb6 Nxb6 12. c5 Nbd7 13. b4 e5 14. dxe5 Nxe5 15. Bb2 Ned7 16. Nb3 Bh7 17. Rac1 Rac8 18. Rfd1 Rfd8 19. a4 Ne8 20. Nxd5 cxd5 21. Bxd5 Rc7 22. Na5 Rb8 23. Nxb7 Nef6 24. Bf3 Be4 25. Bxf6 Nxf6 26. Bxe4 Nxe4 27. Rc4 Nxf2 28. Kxf2 Rbxb7 29. Rd5 Kf8 30. b5 Ke8 31. Re4 Kf8 32. Rc4 Rb8 33. c6 Rd8 34. Rxd8+ Bxd8 35. Kf3 Ke8 36. Ke4 Re7+ 37. Kd3 Bb6 38. e4 Kd8 39. Kc3 Ba5+ 40. Kd4 Kc7 41. Rc1 Re6 42. Rf1 f6 43. g4 Bb6+ 44. Kd3 a6 45. a5 Bxa5 46. Ra1 Bb6 47. bxa6 Re8 48. Ra2 Kxc6 49. Ra1 Ra8 50. Kc4 Be3 51. Ra3 Bf4 52. h4 Bd6 53. Ra2 Bg3 54. h5 Be5 55. Ra3 Kb6 56. Kd5 Rxa6 57. Rb3+ Kc7 58. g5 Rd6+ 59. Kc4 hxg5 60. h6 gxh6 61. Kc5 h5 62. Ra3 Rc6+ 63. Kd5 Rb6 64. Ra7+ Rb7 65. Ra6 h4 66. Rc6+ Kd7 67. Ra6 h3 68. Rc6 h2 69. Rc1 g4 70. Rc7+ Bxc7 0-1